Normal view
MARC view
Entry Personal Name
001 - CONTROL NUMBER
- control field: 1236314
003 - CONTROL NUMBER IDENTIFIER
- control field: OSt
005 - DATE AND TIME OF LATEST TRANSACTION
- control field: 20260430150043.0
008 - FIXED-LENGTH DATA ELEMENTS
- fixed length control field: 260430|| aca||aabn | a|a d
040 ## - CATALOGING SOURCE
- Original cataloging agency: OSt
- Transcribing agency: OSt
100 ## - HEADING--PERSONAL NAME
- Personal name: Nagpal Aishwarya Au.; Kalsie Anjala Gu
670 ## - SOURCE DATA FOUND
- Source citation: Work cat.: (OSt)1848831: Nagpal Aishwarya Au.; Kalsie Anjala Gu., Dynamics of Corporate leverage in BRICS Nations: An Analysis of Nature, causes ans impact, 2021
